00876nam a2200253Ia 450000500170000000800410001702000180005808200170007610000360009324500730012925000180020230000730022050000440029365000530033765000270039065000250041794200120044226400300045433600270048433700330051133800280054404000350057299900150060720220317001457.0161108s2011 sp ao 000 0 s  a978840809727304a928.6 bB67b1 aBioy Casares, Adolfod1914-199910aBorgescAdolfo Bioy Casares ; edición al cuidado de Daniel Martino a1a. edición a691 páginasbilustraciones, fotografías en blanco y negroc22 cm aIncluye glosario e índice analítico142LEMBaBorges, Jorge LuisvAnécdotasy1889-1986142LEMBaAutobiografías142LEMBaConversación 2ddccBK aBarcelonabBacklistc2011 atextobtxt2rdacontent asin mediaciónbn2rdamedia avolumenbnc2rdacarrier aCO-BoRNBPbspaerdacCO-BoRNBP c7094d7094